Ministers express concern for poor growth prospects.
Tlačové komuniké zo schôdze ministrov Medzinárodnej skupiny 24 o medzinárodných peňažných otázkach, konanej 12.10.1991 v Bangkoku. Týkali sa najmä výhľadov svetovej ekonomiky, riešenia situácie v zadlženosti krajín, globálnych úspor a produktívneho využitia obmedzených zdrojov, priorít vývoja 90. ro...
Guardado en:
| Formato: | Capítulo de libro |
|---|---|
| Lenguaje: | inglés |
| Materias: | |
| Etiquetas: |
Sin Etiquetas, Sea el primero en etiquetar este registro!
|
MARC
| LEADER | 00000naa a2200000 4500 | ||
|---|---|---|---|
| 001 | r006647 | ||
| 005 | 20221213084149.9 | ||
| 041 | 0 | |a eng | |
| 044 | |a US | ||
| 245 | 1 | 0 | |a Ministers express concern for poor growth prospects. |
| 520 | |a Tlačové komuniké zo schôdze ministrov Medzinárodnej skupiny 24 o medzinárodných peňažných otázkach, konanej 12.10.1991 v Bangkoku. Týkali sa najmä výhľadov svetovej ekonomiky, riešenia situácie v zadlženosti krajín, globálnych úspor a produktívneho využitia obmedzených zdrojov, priorít vývoja 90. rokov a ich dôsledkov pre skupinu Svetovej banky, úsilia Svetovej banky v rozvoji súkromného sektora a žien v politike rozvoja. | ||
| 610 | 2 | 0 | |a financie medzinárodné |
| 610 | 2 | 0 | |a Bangkok |
| 610 | 2 | 0 | |a 1991 |
| 610 | 2 | 0 | |a hospodárstvo svetové |
| 610 | 2 | 0 | |a zadlženosť zahraničná |
| 610 | 2 | 0 | |a sektor súkromný |
| 610 | 2 | 0 | |a ženy |
| 610 | 2 | 0 | |a IBRD |